| 000 | 00421nam a2200157 i 4500 | ||
|---|---|---|---|
| 001 | 28165 | ||
| 003 | ES-MaACL | ||
| 005 | 20230906153800.0 | ||
| 007 | t| | ||
| 008 | 030116s1914 fr ||||1| fre d | ||
| 100 | 1 |
_aBachelier, Louis. _924469 |
|
| 245 | 1 | 3 |
_aLe jeu, la chance et le hasard / _cLouis Bachelier. |
| 260 |
_aParĂs : _b[Hemmerle et Cie], _c1914. |
||
| 300 |
_a320 p. ; _c19 cm. |
||
| 852 |
_aES-MaACL _jF-6123 |
||
| 999 |
_c28165 _d28165 |
||